| 000 | 00994nam a22003257a 4500 | ||
|---|---|---|---|
| 003 | DO-SdBNP | ||
| 005 | 20180220111320.0 | ||
| 008 | 151023b 1992 sp a |||| 00| 0 spa d | ||
| 020 | _a8434817373 | ||
| 040 |
_aBPMSU _bspa _cBPMSU |
||
| 041 | 1 | 7 |
_aspa _heng |
| 092 |
_axxxx _bxxcx |
||
| 100 | 1 | _aAnderson, Margaret J. | |
| 240 | 1 | 0 |
_aThe journey of the shadow bairns. _leng. |
| 245 | 1 | 0 |
_aEl viaje de los hijos de la sombra / _cMargaret J. Anderson ; traducción del inglés Guillermo Solana ; ilustraciones y cubierta Angel Esteban. |
| 250 | _a7 ed. | ||
| 260 |
_aMadrid : _bEdiciones SM, _c1993. |
||
| 300 |
_a152 p. _bil. _c19 cm. |
||
| 490 | 1 |
_aEl barco de vapor. _v28 |
|
| 490 | 1 | _aRoja | |
| 521 | _aA partir de 12 años. | ||
| 700 |
_aSolana, Guillermo, _etr. |
||
| 700 |
_aEsteban, Angel, _eil. |
||
| 830 | 0 |
_aEl barco de vapor ; _n28 |
|
| 830 | 0 | _aRoja | |
| 910 | _a00260 | ||
| 942 |
_2ddc _cBK |
||
| 945 | _aInventariado, 2018/ YL | ||
| 956 | _aLorenza Pérez | ||
| 999 |
_c8449 _d8449 |
||